000 00367nam a22001577a 4500
999 _c258204
_d258201
003 OSt
005 20200512110148.0
008 200512b xxu||||| |||| 00| 0 eng d
020 _a9780323055321
040 _cN/A
100 _aKevin.T. Patton et al
245 _aAnatomy & Physiology.
250 _a7th ed
260 _aU.S.A
_bMosby Inc
_c2010
942 _2lcc
_cBK